[Event "El Prat de Llobregat op 4th"]
[Site "El Prat de Llobregat"]
[Date "2023.02.24"]
[Round "4"]
[White "Terol Lopez, Carles"]
[Black "Costa Trave, Jaume"]
[Result "0-1"]
[WhiteElo "1607"]
[BlackElo "1645"]
[PlyCount "94"]
[EventDate "2023.02.03"]
[EventType "swiss"]
[EventRounds "9"]
[EventCountry "ESP"]
[SourceTitle "EXT 2024"]
[Source "ChessBase"]
[SourceDate "2023.10.10"]
[SourceVersion "1"]
[SourceVersionDate "2023.10.10"]
[SourceQuality "1"]

1. Nf3 d5 2. d4 c6 3. c4 dxc4 4. e4 b5 5. g3 e6 6. Be3 Nf6 7. Qc2 Bb4+ 8. Bd2 Qa5 9. Bg2 Bb7 10. 0-0 Na6 11. a3 Bxd2 12. Nbxd2 Qc7 13. e5 Nd5 14. Ne4 Rd8 15. Nd6+ Rxd6 16. exd6 Qxd6 17. Rad1 h6 18. Ne5 Nac7 19. f4 Ne3 20. Qc3 Nxf1 21. Rxf1 Nd5 22. Qd2 0-0 23. f5 exf5 24. Rxf5 Bc8 25. Rf2 Be6 26. Be4 c5 27. Bc2 Ne7 28. Rf4 cxd4 29. Qxd4 Qxd4+ 30. Rxd4 a5 31. a4 bxa4 32. Nxc4 Rc8 33. Ne3 g6 34. Rxa4 Nc6 35. Be4 Bb3 36. Bxc6 Rxc6 37. Rxa5 Kg7 38. Rb5 Be6 39. b4 Rc1+ 40. Kf2 Rb1 41. h4 h5 42. Rb7 Rb2+ 43. Kf3 Kf6 44. Rb6 Ke5 45. g4 Rb3 46. gxh5 gxh5 47. Kg2 Rxe3 0-1

[Event "El Prat de Llobregat op 4th"]
[Site "El Prat de Llobregat"]
[Date "2023.02.10"]
[Round "2"]
[White "Quero Ortega, Juan"]
[Black "Terol Lopez, Carles"]
[Result "1-0"]
[WhiteElo "1628"]
[BlackElo "1607"]
[PlyCount "83"]
[EventDate "2023.02.03"]
[EventType "swiss"]
[EventRounds "9"]
[EventCountry "ESP"]
[SourceTitle "EXT 2024"]
[Source "ChessBase"]
[SourceDate "2023.10.10"]
[SourceVersion "1"]
[SourceVersionDate "2023.10.10"]
[SourceQuality "1"]

1. c3 e5 2. d3 d5 3. g3 Nf6 4. Nf3 Nc6 5. Bg2 Bg4 6. Bg5 h6 7. Bxf6 Qxf6 8. 0-0 Bc5 9. Qa4 h5 10. Qb5 Qd6 11. d4 exd4 12. Nxd4 Bxd4 13. cxd4 0-0 14. Qd3 Rfe8 15. e3 Ne7 16. Nc3 c6 17. h4 Qe6 18. Ne2 Ng6 19. Rfe1 Rac8 20. b4 Qf6 21. Nf4 Nxf4 22. exf4 Re6 23. Re5 Rxe5 24. fxe5 Qe6 25. Re1 b6 26. Qe3 Bh3 27. f4 Bxg2 28. Kxg2 g6 29. Rc1 Qe7 30. a3 b5 31. f5 Kh7 32. Rf1 Rf8 33. Qf4 gxf5 34. Qxf5+ Kh6 35. Qf6+ Qxf6 36. Rxf6+ Kg7 37. Rxc6 Rd8 38. Rc7 Kg6 39. Kf3 a5 40. Rc5 axb4 41. axb4 Kf5 42. Rc6 1-0